Ciencias naturales : 1Bachillerato

Gespeichert in:
Bibliographische Detailangaben
Weitere Verfasser: Asensio, Carlos
Format: Buch
Sprache:Spanisch
Erschienen: Madrid : Santillana, 1975
Katalog:MANES:  Suchergebnis im Bibliothekskatalog
Schulbuchspezifische Eigenschaften:
Schriftenreihe:Educación Santillana
Tags: Tag hinzufügen
Keine Tags, Fügen Sie den ersten Tag hinzu!
Hinzugefügt zu:24.07.1990
Geändert in:07.05.2025

MARC

LEADER 00000cam a2200000 i 4500
005 20250507134359.0
008 900725s1975 espao fp 000 0 spa d
020 |a 8429412468 
040 |a uned  |b spa  |c entro-manes 
245 0 0 |a Ciencias naturales :   |b 1Bachillerato /   |c [ha intervenido el siguiente equipo, María Isabel Hernando ... (et al.) ; dirección científica, Carlos Asensio] 
260 |a Madrid :   |b Santillana,   |c 1975 
300 |a 325 p. :   |b il. 
490 0 |a Educación Santillana  
546 |a España 
561 |5 es-BUNED  |3 L.T.M. 2345  |a España. Fondo Manes UNED  |k MANES 
690 0 |a CN 
691 0 |a SE 
700 1 |a Asensio, Carlos  |9 37115 
942 |2 ddc  |c BK 
999 |c 93098  |d 93098 
999 |c manes:93098  |d 93098